| Tag |
First Indicator |
Second Indicator |
Subfields |
| LEADER |
00000pam a2200000 a 4500 |
| 001 |
in00000587421 |
| 005 |
20151014084232.0 |
| 008 |
860304s1986 deua b 00010 eng |
| 010 |
|
|
|a 86002996
|
| 020 |
|
|
|a 0872072304 (pbk.)
|
| 035 |
|
|
|a (OCoLC)13327961
|
| 035 |
|
|
|9 ACQ4058AM
|
| 040 |
|
|
|a DLC
|c DLC
|d m/c
|d TXA
|d UtOrBLW
|
| 049 |
|
|
|a TXAM
|c [A10739404]
|
| 050 |
0 |
0 |
|a LB1050.45
|b .H45 1986
|
| 082 |
0 |
|
|a 371.3
|2 19
|
| 100 |
1 |
|
|a Heimlich, Joan E.
|
| 245 |
1 |
0 |
|a Semantic mapping :
|b classroom applications /
|c Joan E. Heimlich, Susan D. Pittelman.
|
| 264 |
|
1 |
|a Newark, Del. :
|b International Reading Association,
|c 1986.
|
| 300 |
|
|
|a vi, 48 pages :
|b illustrations ;
|c 23 cm.
|
| 336 |
|
|
|a text
|b txt
|2 rdacontent
|
| 337 |
|
|
|a unmediated
|b n
|2 rdamedia
|
| 338 |
|
|
|a volume
|b nc
|2 rdacarrier
|
| 490 |
1 |
|
|a An IRA service bulletin
|
| 490 |
1 |
|
|a Reading aids series
|
| 504 |
|
|
|a Bibliography: pages 46-48.
|
| 650 |
|
0 |
|a Reading comprehension.
|
| 650 |
|
0 |
|a Vocabulary
|x Study and teaching (Elementary)
|
| 650 |
|
0 |
|a Vocabulary
|x Study and teaching (Secondary)
|
| 650 |
|
0 |
|a Study skills.
|
| 650 |
|
0 |
|a English language
|x Semantics.
|
| 700 |
1 |
|
|a Pittelman, Susan D.
|
| 830 |
|
0 |
|a IRA service bulletin.
|
| 830 |
|
0 |
|a Reading aids series.
|
| 999 |
|
|
|a MARS
|
| 999 |
f |
f |
|s b6e545d1-bbf7-3827-a73d-b9c90f05262d
|i 95f0665c-37d8-3ba5-a3e0-d5e1a3335701
|t 0
|
| 952 |
f |
f |
|p normal
|a Texas A&M University
|b College Station
|c Sterling C. Evans Library
|d Evans: Library Stacks
|t 0
|e LB1050.45 .H45 1986
|h Library of Congress classification
|i unmediated -- volume
|m A14810739404
|
| 998 |
f |
f |
|a LB1050.45 .H45 1986
|t 0
|l Evans: Library Stacks
|